Florecillas
Guardat en:
| Autor principal: | |
|---|---|
| Format: | Llibre |
| Idioma: | espanyol italià |
| Publicat: |
Valparaíso
Universidad Católica de Valparaíso
1978
|
| Matèries: | |
| Etiquetes: |
Afegir etiqueta
Sense etiquetes, Sigues el primer a etiquetar aquest registre!
|
MARC
| LEADER | 00000nam a2200000 a 4500 | ||
|---|---|---|---|
| 001 | UCV8643 | ||
| 003 | CL-VaPUC | ||
| 008 | 911113e19780000CL |||||||||||||||||spa|d | ||
| 041 | 0 | 7 | |a spa |2 CL-VaPUC |
| 041 | 0 | 7 | |a ita |2 CL-VaPUC |
| 082 | 0 | 4 | |a 851 |b FRA |2 21 |
| 100 | 0 | |a San Francisco de Asís |e author |9 302669 | |
| 245 | 1 | 0 | |a Florecillas |
| 300 | |a 24 p | ||
| 942 | |c BK | ||
| 945 | |d 19911113 00:00:00 | ||
| 260 | |a Valparaíso |b Universidad Católica de Valparaíso |c 1978 | ||
| 500 | |a Contiene el cap. VIII de la paciencia en que se halla la perfecta alegría | ||
| 650 | 0 | |a Poesías italianas |9 265352 | |
| 650 | 0 | |a Literatura religiosa |9 266283 | |
| 650 | 0 | |a Literatura italiana |9 266970 | |
| 583 | |a last modification |c 19911113 00:00:00 |k Rodrigo Vera | ||
| 999 | |c 214129 |d 214127 | ||
| 952 | |0 0 |1 0 |2 ddc |4 0 |6 851_000000000000000_FRA_1978 |7 0 |8 P |9 197234 |a BIBARQ |b BIBARQ |d 2019-11-14 |i 264925K |l 1 |o 851 FRA 1978 |p 264925K |r 2025-01-20 |s 2022-06-07 |w 2019-11-14 |y BK |k ARQ | ||
| 952 | |0 0 |1 0 |2 ddc |4 0 |6 851_000000000000000_FRA_1978 |7 0 |8 P |9 197235 |a BIBARQ |b BIBARQ |d 2019-11-14 |i 2649268 |o 851 FRA 1978 |p 2649268 |r 2025-01-20 |w 2019-11-14 |y BK |k ARQ | ||